From the Caves And Jungles of Hindustan (Record no. 187173)

000 -LEADER
fixed length control field 00685 a2200157 4500
003 - CONTROL NUMBER IDENTIFIER
control field Nust
005 - DATE AND TIME OF LATEST TRANSACTION
control field 20170207153457.0
040 ## - CATALOGING SOURCE
Transcribing agency Nust
082 ## - DEWEY DECIMAL CLASSIFICATION NUMBER
Classification number 915.4
100 ## - MAIN ENTRY--PERSONAL NAME
Personal name Blavatsky. H .P
245 ## - TITLE STATEMENT
Title From the Caves And Jungles of Hindustan
Statement of responsibility, etc. H.P Blavatsky
300 ## - PHYSICAL DESCRIPTION
Extent 318:p
505 ## - FORMATTED CONTENTS NOTE
Formatted contents note In Bombay (Page-3) On The Way to Karle(Page-43) In The Karle Caves (page-66) Vanished Glories (Page-105) A City of the Dead (Page-125) Brahmanic Hospitalities (Page-140) A Witch Den (Page-176) God Warrior (Page-196) The Banns of Marriage (Page-215) The Caves of Bag(Page-234) An Isle of Mystery (Page-259) Jubbulpore(Page-276)
538 ## - SYSTEM DETAILS NOTE
System details note Almirah No.60 Shelf No.1
650 ## - SUBJECT ADDED ENTRY--TOPICAL TERM
Topical term or geographic name entry element India Geography
942 ## - ADDED ENTRY ELEMENTS (KOHA)
Source of classification or shelving scheme
Koha item type Book
Holdings
Withdrawn status Lost status Source of classification or shelving scheme Damaged status Not for loan Collection code Permanent Location Current Location Date acquired Total Checkouts Full call number Barcode Date last seen Price effective from Koha item type
            Military College of Signals (MCS) Military College of Signals (MCS) 12/12/2016   915.4 BLA MCS29051 12/08/2016 12/12/2016 Book
© 2023 Central Library, National University of Sciences and Technology. All Rights Reserved.